Advanced computer architecture : parallelism, scalability, programmability / (Record no. 61673)

000 -LEADER
fixed length control field 01417pam a2200313 a 4500
001 - CONTROL NUMBER
control field 1562143
003 - CONTROL NUMBER IDENTIFIER
control field NUST-PNEC
005 - DATE AND TIME OF LATEST TRANSACTION
control field 20170116180727.0
008 - FIXED-LENGTH DATA ELEMENTS--GENERAL INFORMATION
fixed length control field 921201s1993 nyua b 001 0 eng
010 ## - LIBRARY OF CONGRESS CONTROL NUMBER
LC control number 92044944
020 ## - INTERNATIONAL STANDARD BOOK NUMBER
International Standard Book Number 0070316228
020 ## - INTERNATIONAL STANDARD BOOK NUMBER
International Standard Book Number 0071133429
040 ## - CATALOGING SOURCE
Transcribing agency PNEC
050 00 - LIBRARY OF CONGRESS CALL NUMBER
Classification number QA76.9.A73
Item number H87 1993
082 00 - DEWEY DECIMAL CLASSIFICATION NUMBER
Classification number 004.35 HWA
100 1# - MAIN ENTRY--PERSONAL NAME
Personal name Hwang, Kai.
245 10 - TITLE STATEMENT
Title Advanced computer architecture : parallelism, scalability, programmability /
Statement of responsibility, etc. Kai Hwang.
260 ## - PUBLICATION, DISTRIBUTION, ETC.
Place of publication, distribution, etc. New York :
Name of publisher, distributor, etc. McGraw-Hill,
Date of publication, distribution, etc. c1993.
300 ## - PHYSICAL DESCRIPTION
Extent xxiv, 771 p. :
Other physical details ill. ;
Dimensions 24 cm.
440 #0 - SERIES STATEMENT/ADDED ENTRY--TITLE
Title McGraw-Hill computer science series.
Name of part/section of a work PNECComputer organization and architecture
440 #0 - SERIES STATEMENT/ADDED ENTRY--TITLE
Title McGraw-Hill series in electrical and computer engineering.
Name of part/section of a work PNECComputer engineering
504 ## - BIBLIOGRAPHY, ETC. NOTE
Bibliography, etc. note Includes bibliographical references (p. 717-738) and index.
650 #0 - SUBJECT ADDED ENTRY--TOPICAL TERM
Topical term or geographic name entry element Computer architecture.
General subdivision Computer, MIS
856 42 - ELECTRONIC LOCATION AND ACCESS
Materials specified Publisher description
Uniform Resource Identifier <a href="http://www.loc.gov/catdir/description/mh022/92044944.html">http://www.loc.gov/catdir/description/mh022/92044944.html</a>
856 41 - ELECTRONIC LOCATION AND ACCESS
Materials specified Table of contents
Uniform Resource Identifier <a href="http://www.amazon.com/Advanced-Computer-Architecture-Parallelism-Programmability/dp/0070316228/ref=sr_1_1?s=books&ie=UTF8&qid=1415358822&sr=1-1&keywords=0070316228">http://www.amazon.com/Advanced-Computer-Architecture-Parallelism-Programmability/dp/0070316228/ref=sr_1_1?s=books&ie=UTF8&qid=1415358822&sr=1-1&keywords=0070316228</a>
906 ## - LOCAL DATA ELEMENT F, LDF (RLIN)
a 7
b cbc
c orignew
d 1
e ocip
f 19
g y-gencatlg
942 ## - ADDED ENTRY ELEMENTS (KOHA)
Source of classification or shelving scheme
Koha item type Book
Holdings
Withdrawn status Lost status Source of classification or shelving scheme Damaged status Not for loan Permanent Location Current Location Shelving location Date acquired Source of acquisition Cost, normal purchase price Total Checkouts Full call number Barcode Date last seen Cost, replacement price Price effective from Koha item type
          Pakistan Navy Engineering College (PNEC) Pakistan Navy Engineering College (PNEC)   11/06/2001 Fair Book Centre 600.00   004.35 HWA PNECLIB-025432 11/07/2014 600.00 11/06/2001 Book
© 2023 Central Library, National University of Sciences and Technology. All Rights Reserved.